[Event "2000-2400 Leisure RR"]
[Site "SchemingMind.com"]
[Date "2012.12.16"]
[Round "-"]
[White "smothered mate"]
[Black "Adrian Grajczak"]
[Result "0-1"]
[WhiteCountry "POL"]
[BlackCountry "POL"]
[WhiteElo "1931"]
[WhiteRD "67"]
[BlackElo "2253"]
[BlackRD "67"]
[GameID "322961"]

1. e4 c5 2. Nf3 d6 3. d4 cxd4 4. Nxd4 Nf6 5. Nc3 a6 6. Be3 e6 7. g4 e5 8. Nf5 g6 9. g5 gxf5 10. exf5 d5
11. Qf3 d4 12. O-O-O Nbd7 13. Bd2 Qc7 14. gxf6 dxc3 15. Bxc3 Qc6 16. Rd5 b6 17. Bg2 Bb7 18. Rhd1 Bh6+ 19. Kb1 Qxf6 20. Rxe5+ Nxe5
21. Qxb7 O-O 22. Qc7 Rad8 23. Rg1 Bf4 24. Bb7+ Kh8 25. Bxa6 Rg8 26. Rxg8+ Kxg8 27. a4 Bxh2 28. Ka2 Qd6 29. Qa7 Qd5+ 30. b3 Qc5
31. Bb2 Nc6 32. Bc4 Nxa7
0-1

[Event "2000-2400 Leisure RR"]
[Site "SchemingMind.com"]
[Date "2012.12.16"]
[Round "-"]
[White "Ilang"]
[Black "smothered mate"]
[Result "1-0"]
[WhiteCountry "HUN"]
[BlackCountry "POL"]
[WhiteElo "2370"]
[WhiteRD "75"]
[BlackElo "1979"]
[BlackRD "59"]
[GameID "322962"]

1. d4 d5 2. c4 e6 3. Nc3 c5 4. cxd5 exd5 5. Nf3 Nc6 6. dxc5 d4 7. Na4 b5 8. cxb6 axb6 9. e3 Bb4+ 10. Bd2 Bd7
11. Bb5 Nf6 12. Rc1 dxe3 13. fxe3 Bxd2+ 14. Qxd2 Nb8 15. Nxb6 Qxb6 16. Rc8+ Ke7 17. Qb4+ Qd6 18. Qxd6+ Kxd6 19. Rxh8 Bxb5 20. Nd4 Be8
21. O-O Nbd7 22. Nf5+ Ke6 23. Nxg7+ Ke7 24. a3 Rc8 25. Nf5+ Ke6 26. a4 Rc5 27. Nd4+ Ke7 28. a5
1-0

[Event "2000-2400 Leisure RR"]
[Site "SchemingMind.com"]
[Date "2012.12.16"]
[Round "-"]
[White "Buckaroo Bob"]
[Black "smothered mate"]
[Result "1-0"]
[WhiteCountry "USA"]
[BlackCountry "POL"]
[WhiteElo "2266"]
[WhiteRD "71"]
[BlackElo "1984"]
[BlackRD "58"]
[GameID "322964"]

1. c4 e6 2. Nf3 d5 3. d4 c5 4. cxd5 exd5 5. g3 c4 6. b3 Bb4+ 7. Bd2 Bxd2+ 8. Nbxd2 Qa5 9. bxc4 dxc4 10. e4 c3
11. Nc4 Qb4 12. a3 c2+ 13. axb4 cxd1=Q+ 14. Rxd1 Nf6 15. Ra1 Bg4 16. Nfe5 Nc6 17. Nxc6 bxc6 18. Bg2 O-O 19. Ne5
1-0

[Event "2000-2400 Leisure RR"]
[Site "SchemingMind.com"]
[Date "2012.12.16"]
[Round "-"]
[White "rookie31"]
[Black "smothered mate"]
[Result "1-0"]
[WhiteCountry "IND"]
[BlackCountry "POL"]
[WhiteElo "2210"]
[WhiteRD "61"]
[BlackElo "1984"]
[BlackRD "58"]
[GameID "322965"]

1. d4 d5 2. c4 e6 3. cxd5 exd5 4. Nc3 c5 5. Nf3 Nc6 6. dxc5 d4 7. Na4 b5 8. cxb6 axb6 9. e3 Bb4+ 10. Bd2 Bd7
11. Bb5 Ra5 12. Bxb4 Nxb4 13. Bxd7+ Qxd7 14. b3 dxe3 15. Qxd7+ Kxd7 16. Nxb6+ Kc7 17. Nc4 Rxa2 18. Rxa2 Nxa2 19. fxe3 Nf6 20. O-O Rb8
21. Ra1 Nc3 22. Ra7+ Rb7 23. Rxb7+ Kxb7 24. Nfe5 Nfd5 25. Nxf7 Ne4 26. Nfd6+ Nxd6 27. Nxd6+ Kc6 28. Nf5 g6 29. Nd4+ Kc5 30. Kf2
1-0

[Event "2000-2400 Leisure RR"]
[Site "SchemingMind.com"]
[Date "2012.12.16"]
[Round "-"]
[White "kibic"]
[Black "smothered mate"]
[Result "1-0"]
[WhiteCountry "INT"]
[BlackCountry "POL"]
[WhiteElo "2354"]
[WhiteRD "63"]
[BlackElo "1982"]
[BlackRD "55"]
[GameID "322966"]

1. Nf3 d5 2. c4 e6 3. Nc3 c5 4. d4 Nc6 5. Bf4 cxd4 6. Nxd4 Bd6 7. Bxd6 Qxd6 8. cxd5 Nxd4 9. Qxd4 Nf6 10. Nb5 Qe7
11. d6
1-0

[Event "2000-2400 Leisure RR"]
[Site "SchemingMind.com"]
[Date "2012.12.16"]
[Round "-"]
[White "Adrian Grajczak"]
[Black "smothered mate"]
[Result "1-0"]
[WhiteCountry "POL"]
[BlackCountry "POL"]
[WhiteElo "2110"]
[WhiteRD "72"]
[BlackElo "1971"]
[BlackRD "63"]
[GameID "322967"]

1. d4 d5 2. c4 e6 3. g3 c5 4. Nf3 Nc6 5. Bg2 dxc4 6. Qa4 cxd4 7. Nxd4 Qa5+ 8. Qxa5 Nxa5 9. Bd2 e5 10. Nb5 Nc6
11. Nc7+ Kd7 12. Nxa8 f5 13. Nc3 Nd4 14. O-O-O Ne7 15. Bg5 Nc6 16. e3 h6 17. exd4 hxg5 18. dxe5+ Ke6 19. Nc7+ Kxe5 20. Rhe1+ Kf6
21. Bxc6 bxc6 22. Rd8 Bb7 23. Ree8
1-0

[Event "2000-2400 Leisure RR"]
[Site "SchemingMind.com"]
[Date "2012.12.16"]
[Round "-"]
[White "NYNH"]
[Black "Ilang"]
[Result "0-1"]
[WhiteCountry "USA"]
[BlackCountry "HUN"]
[WhiteElo "2045"]
[WhiteRD "63"]
[BlackElo "2368"]
[BlackRD "66"]
[GameID "323264"]

1. d4 d5 2. Nf3 c6 3. c4 Nf6 4. cxd5 cxd5 5. Nc3 Nc6 6. Bf4 Bf5 7. Rc1 a6 8. e3 Rc8 9. Be2 e6 10. O-O Bd6
11. Bg5 O-O 12. Na4 h6 13. Bh4 Qe7 14. a3 Rc7 15. Nc5 g5 16. Bg3 Bxg3 17. hxg3 Rfc8 18. b4 a5 19. b5 Nd8 20. b6 Rc6
21. Qa4 Nd7 22. Qxa5 Nxc5 23. Rxc5 Rxc5 24. dxc5 Rxc5 25. Qa4 e5 26. Qb3 Nc6 27. Bb5 Qd6 28. Bxc6 Rxc6 29. Qb2 f6 30. Rd1 Be6
31. Qb1 Kg7 32. a4 Rxb6 33. Qa1 Ra6 34. Rb1 b6 35. Rb2 Bd7 36. Ra2 Qc7 37. Ra3 Ra5 38. Ra2 Be8 39. Kh2 h5 40. Kg1 Bf7
41. Ra3 Rc5 42. Kh2 Rc1 43. Qb2 Rc2 44. Qb5 Rxf2 45. a5 Qc2 46. Ne1 Qd1 47. Qb4 Re2 48. Nf3 Qf1
0-1

[Event "2000-2400 Leisure RR"]
[Site "SchemingMind.com"]
[Date "2012.12.16"]
[Round "-"]
[White "NYNH"]
[Black "Buckaroo Bob"]
[Result "0-1"]
[WhiteCountry "USA"]
[BlackCountry "USA"]
[WhiteElo "2052"]
[WhiteRD "64"]
[BlackElo "2254"]
[BlackRD "69"]
[GameID "323266"]

1. d4 Nf6 2. c4 e6 3. g3 c5 4. d5 exd5 5. cxd5 d6 6. Bg2 g6 7. Nf3 Bg7 8. O-O O-O 9. Nc3 Re8 10. Nd2 Nbd7
11. a4 b6 12. Nc4 Ne5 13. Nxe5 Rxe5 14. Bf4 Re8 15. Re1 Ng4 16. Qc2 Bd4 17. Rf1 Be5 18. Bd2 Bd7 19. Rab1 Qc8 20. Ne4 Qa6
21. Nc3 Rac8 22. Rbe1 f5 23. e4 Nf6 24. Kh1 Nxe4 25. Nxe4 fxe4 26. b3 c4 27. Bxe4 cxb3 28. Qxb3 Qxa4 29. Qb1 Qb5 30. Bxg6 Qxd5+
31. Kg1 hxg6 32. Qxg6+ Bg7 33. Bh6 Qf7 34. Qg5 Rc5 35. Qd2 Rxe1 36. Rxe1 Bc3
0-1

[Event "2000-2400 Leisure RR"]
[Site "SchemingMind.com"]
[Date "2012.12.21"]
[Round "-"]
[White "NYNH"]
[Black "smothered mate"]
[Result "1/2-1/2"]
[WhiteCountry "USA"]
[BlackCountry "POL"]
[WhiteElo "1984"]
[WhiteRD "68"]
[BlackElo "1932"]
[BlackRD "64"]
[GameID "323267"]

1. d4 d5 2. Nf3 e6 3. c4 c5 4. cxd5 exd5 5. g3 c4 6. Bg2 Bb4+ 7. Nc3 Nc6 8. O-O Nge7 9. e4 O-O 10. exd5 Nxd5
11. Bg5 f6 12. Nxd5 Qxd5 13. Be3 Qf7 14. d5 Rd8 15. Qa4 Rxd5 16. Nd4 Ra5 17. Qc2 Ne5 18. a3 Bf8 19. Bd2 Ra6 20. Rfe1 Rb6
21. Bc3 Bg4 22. h3 Bh5 23. Be4 Bg6 24. Rad1 Nd3 25. Bxg6 Qxg6 26. Re3 Qh5 27. Kg2 Nxb2 28. Bxb2 Rxb2 29. Qxb2 Qxd1 30. Qxb7 Rd8
31. Ne6 Qd5+ 32. Qxd5 Rxd5 33. Rc3 Bd6 34. Rxc4 Ra5 35. a4 Re5 36. Nd8 Bc5 37. Nc6 Rf5 38. f4 Rd5 39. Nxa7 Rd2+ 40. Kf3 Rd3+
41. Kg2 Rd2+ 42. Kf1 Rf2+ 43. Ke1 Bxa7 44. Rc8+ Kf7 45. Rc7+ Kg6 46. Rxa7 Rf3 47. a5 Rxg3 48. a6 Rxh3 49. f5+ Kh6 50. Rf7 Ra3
51. a7 g6 52. Rxf6 Rxa7 53. fxg6=
1/2-1/2

[Event "2000-2400 Leisure RR"]
[Site "SchemingMind.com"]
[Date "2012.12.16"]
[Round "-"]
[White "NYNH"]
[Black "rookie31"]
[Result "0-1"]
[WhiteCountry "USA"]
[BlackCountry "IND"]
[WhiteElo "2045"]
[WhiteRD "63"]
[BlackElo "2178"]
[BlackRD "60"]
[GameID "323268"]

1. d4 Nf6 2. c4 e6 3. g3 d5 4. Nf3 c6 5. Bg2 Nbd7 6. Qc2 b6 7. O-O Bb7 8. Nbd2 Be7 9. e4 O-O 10. e5 Ne8
11. cxd5 cxd5 12. Rd1 Rc8 13. Qa4 Nc7 14. Bf1 a5 15. Bd3 Ba6 16. Bb1 g6 17. h4 f6 18. Nf1 Be2 19. exf6 Bxf6 20. N1h2 b5
21. Qc2 Bxd1 22. Qxd1 e5 23. dxe5 Nxe5 24. Nd4 Bg7 25. Bf4 Nc4 26. Bxc7 Qxc7 27. Ne6 Qf7 28. Nxf8 Rxf8 29. Qe2 Bxb2 30. Ng4 Qf3
31. Qe6+ Kh8 32. Bxg6 Bxa1 33. Bxh7 Bd4 34. Bc2 Bxf2+ 35. Kh2 Qxg3+
0-1

[Event "2000-2400 Leisure RR"]
[Site "SchemingMind.com"]
[Date "2012.12.16"]
[Round "-"]
[White "NYNH"]
[Black "kibic"]
[Result "0-1"]
[WhiteCountry "USA"]
[BlackCountry "INT"]
[WhiteElo "2045"]
[WhiteRD "63"]
[BlackElo "2354"]
[BlackRD "63"]
[GameID "323269"]

1. d4 Nf6 2. c4 g6 3. Nc3 Bg7 4. e4 c5 5. d5 O-O 6. Nf3 d6 7. h3 Nbd7 8. Bd3 a6 9. a4 b6 10. O-O Qc7
11. Bf4 Nh5 12. Bh2 Ne5 13. Be2 Nxf3+ 14. Bxf3 Nf6 15. Re1 Nd7 16. Qc2 Bd4 17. Kh1 Ne5 18. Qe2 Qd8 19. Nd1 e6 20. Rb1 exd5
21. cxd5 Bd7 22. Ne3 Bxa4 23. b3 Bb5 24. Qd1 Nd3 25. Rf1 Nxf2+ 26. Rxf2 Bxe3 27. Rc2 Re8 28. Qe1 Bd3 29. Rc3 Bd2 30. Qxd2 Bxb1
31. Re3 Qh4 32. g3 Qh6 33. Qe2 f5 34. e5 dxe5 35. d6 e4 36. Bg2 Rad8 37. Bg1 Bd3 38. Qe1 Rxd6 39. Kh2 g5 40. Qc3 f4
41. gxf4 gxf4 42. Re1 f3
0-1

[Event "2000-2400 Leisure RR"]
[Site "SchemingMind.com"]
[Date "2012.12.18"]
[Round "-"]
[White "NYNH"]
[Black "Adrian Grajczak"]
[Result "1/2-1/2"]
[WhiteCountry "USA"]
[BlackCountry "POL"]
[WhiteElo "2052"]
[WhiteRD "63"]
[BlackElo "2088"]
[BlackRD "69"]
[GameID "323270"]

1. d4 Nf6 2. c4 g6 3. Nc3 Bg7 4. e4 d6 5. f3 O-O 6. Be3 c5 7. dxc5 dxc5 8. Qxd8 Rxd8 9. Nd5 Nxd5 10. cxd5 b6
11. O-O-O Bb7 12. Bc4 Nd7 13. Ne2 Ne5 14. Bb3 Ba6 15. Nc3 Nd3+ 16. Kc2 c4 17. Ba4 Bxc3 18. Kxc3 b5 19. Bc2 b4+ 20. Kd4 Nxb2
21. Bc1 Nd3 22. Bxd3 cxd3 23. Bd2 Rdc8 24. Rc1 Rc2 25. Rxc2=
1/2-1/2

[Event "2000-2400 Leisure RR"]
[Site "SchemingMind.com"]
[Date "2012.12.16"]
[Round "-"]
[White "Ilang"]
[Black "NYNH"]
[Result "1-0"]
[WhiteCountry "HUN"]
[BlackCountry "USA"]
[WhiteElo "2368"]
[WhiteRD "66"]
[BlackElo "2045"]
[BlackRD "63"]
[GameID "323271"]

1. d4 Nf6 2. c4 e6 3. Nf3 b6 4. g3 Bb7 5. Bg2 Be7 6. O-O O-O 7. Nc3 Ne4 8. Qc2 Nxc3 9. Qxc3 f5 10. b3 Bf6
11. Bb2 Qe7 12. Qd2 d6 13. Ne1 Bxg2 14. Nxg2 Nd7 15. Rad1 Rad8 16. Nf4 Bg5 17. e3 Nf6 18. d5 Bxf4 19. exf4 e5 20. f3 e4
21. Bxf6 Qxf6 22. fxe4 fxe4 23. Qe3 Rde8 24. Rd4 Re7 25. Rxe4 Rfe8 26. Rxe7 Rxe7 27. Qd2 a5 28. Re1 Rxe1+ 29. Qxe1 Kf8 30. Qe6 Qa1+
31. Kg2 Qxa2+ 32. Kh3 Qxb3 33. Qc8+ Kf7 34. Qxc7+ Ke8 35. Qc8+ Ke7 36. Qe6+ Kf8 37. Qxd6+ Ke8 38. Qe6+ Kf8 39. d6
1-0

[Event "2000-2400 Leisure RR"]
[Site "SchemingMind.com"]
[Date "2012.12.21"]
[Round "-"]
[White "jdcald13"]
[Black "NYNH"]
[Result "0-1"]
[WhiteCountry "USA"]
[BlackCountry "USA"]
[WhiteElo "1794"]
[WhiteRD "59"]
[BlackElo "2052"]
[BlackRD "64"]
[GameID "323272"]

1. c4 e5 2. g3 Nf6 3. Bg2 d5 4. cxd5 Nxd5 5. Nf3 Nc6 6. Nc3 Nb6 7. O-O Be7 8. a3 O-O 9. b4 Be6 10. Bb2 Nc4
0-1

[Event "2000-2400 Leisure RR"]
[Site "SchemingMind.com"]
[Date "2012.12.16"]
[Round "-"]
[White "Buckaroo Bob"]
[Black "NYNH"]
[Result "1-0"]
[WhiteCountry "USA"]
[BlackCountry "USA"]
[WhiteElo "2254"]
[WhiteRD "69"]
[BlackElo "2052"]
[BlackRD "64"]
[GameID "323273"]

1. c4 e5 2. Nc3 Nf6 3. Nf3 Nc6 4. a3 d5 5. d4 exd4 6. Nxd4 Be7 7. cxd5 Nxd5 8. Nxc6 bxc6 9. Bd2 O-O 10. e4 Nb6
11. Bf4 Be6 12. Qxd8 Bxd8 13. O-O-O a5 14. Rxd8 Rfxd8 15. Bxc7 Nc4 16. Bxd8 Rxd8 17. Bxc4 Bxc4 18. Rd1 Re8 19. Rd6 Rc8 20. Rd7 Kf8
21. Ra7 Bf1 22. g3 Bg2 23. Rxa5 Re8 24. e5 g6 25. f4 h5 26. Ra7 Rd8 27. a4 Bh3 28. a5 c5 29. a6 Bf1 30. Ne4 Bb5
31. Nd6 Bf1 32. Rxf7+ Kg8 33. Ra7 Kf8 34. b3 Rb8 35. Rb7
1-0

[Event "2000-2400 Leisure RR"]
[Site "SchemingMind.com"]
[Date "2012.12.21"]
[Round "-"]
[White "smothered mate"]
[Black "NYNH"]
[Result "1-0"]
[WhiteCountry "POL"]
[BlackCountry "USA"]
[WhiteElo "1971"]
[WhiteRD "63"]
[BlackElo "2013"]
[BlackRD "65"]
[GameID "323274"]

1. e4 e6 2. d4 d5 3. e5 c5 4. c3 Qb6 5. Nf3 Bd7 6. Be2 cxd4 7. cxd4 Bb5 8. Nc3 Bxe2 9. Qxe2 Nc6 10. Be3 Nge7
11. O-O Nf5 12. g4 Nxe3 13. fxe3 Be7 14. Ne1 O-O 15. Nd3 Rac8 16. Rf3 Na5 17. Raf1 Bg5 18. Nf4 Nc4 19. Nd1 Rc7 20. h4 Bxh4
21. Rh3 Bg5 22. Qc2 h6 23. Qh2 Nxe3 24. Nxe3 Qxd4 25. Qf2 Qxe5 26. Ng6 Qe4 27. Nxf8 Kxf8 28. Qg3 Rc8 29. Ng2 Rc2 30. Qb8+ Ke7
31. Qxb7+ Kd8 32. Qb8+ Ke7 33. Qxa7+ Kd8 34. Qa8+ Ke7 35. Qa3+ Ke8 36. Rhf3 Bf6 37. Ne3 Re2 38. Qa8+ Ke7 39. Qb7+ Ke8 40. Qb5+ Ke7
41. Qxe2 d4 42. Nf5+ exf5 43. Re1 Kd8 44. Rxf5 Qxe2 45. Rxe2
1-0

[Event "2000-2400 Leisure RR"]
[Site "SchemingMind.com"]
[Date "2012.12.16"]
[Round "-"]
[White "rookie31"]
[Black "NYNH"]
[Result "1-0"]
[WhiteCountry "IND"]
[BlackCountry "USA"]
[WhiteElo "2178"]
[WhiteRD "60"]
[BlackElo "2045"]
[BlackRD "63"]
[GameID "323275"]

1. d4 Nf6 2. c4 e6 3. Nf3 b6 4. g3 Bb7 5. Bg2 Be7 6. O-O O-O 7. Nc3 Ne4 8. Qc2 Nxc3 9. Qxc3 f5 10. Rd1 Bf6
11. Bf4 Be4 12. Qe3 Re8 13. Rac1 d6 14. b4 Qe7 15. c5 bxc5 16. bxc5 Nd7 17. cxd6 cxd6 18. g4 Rac8 19. Rxc8 Rxc8 20. g5 e5
21. Bg3 Bxf3 22. gxf6 Qxf6 23. dxe5 dxe5 24. Rxd7 Bxg2 25. Bxe5 Qc6 26. Rxg7+ Kf8 27. Qxa7 Qe6 28. Bd6+
1-0

[Event "2000-2400 Leisure RR"]
[Site "SchemingMind.com"]
[Date "2012.12.16"]
[Round "-"]
[White "kibic"]
[Black "NYNH"]
[Result "1-0"]
[WhiteCountry "INT"]
[BlackCountry "USA"]
[WhiteElo "2354"]
[WhiteRD "63"]
[BlackElo "2045"]
[BlackRD "63"]
[GameID "323276"]

1. Nf3 Nf6 2. c4 e6 3. g3 b6 4. Bg2 Bb7 5. O-O Be7 6. d4 O-O 7. Nc3 Ne4 8. Bd2 Bf6 9. Rc1 c5 10. dxc5 Nxc5
11. Qc2 Nc6 12. a3 a5 13. Bf4 d5 14. cxd5 exd5 15. Rfd1 d4 16. Nb5 Qd7 17. Bg5 Bd8 18. Be3 Rc8 19. Nfxd4 Nxd4 20. Rxd4 Qe7
21. Bxb7 Qxb7 22. Nd6 Qb8 23. Nxc8 Qxc8 24. b4 Bf6 25. Rd2 axb4 26. axb4
1-0

[Event "2000-2400 Leisure RR"]
[Site "SchemingMind.com"]
[Date "2012.12.19"]
[Round "-"]
[White "Adrian Grajczak"]
[Black "NYNH"]
[Result "1-0"]
[WhiteCountry "POL"]
[BlackCountry "USA"]
[WhiteElo "2253"]
[WhiteRD "67"]
[BlackElo "1961"]
[BlackRD "70"]
[GameID "323277"]

1. d4 Nf6 2. c4 e6 3. g3 Bb4+ 4. Bd2 Qe7 5. Nf3 O-O 6. Bg2 Nc6 7. O-O Bxd2 8. Nbxd2 d6 9. e4 e5 10. d5 Nb8
11. b4 a5 12. a3 Na6 13. Qb3 c6 14. dxc6 bxc6 15. Qc3 Bg4 16. Nh4 Rfb8 17. Rfb1 Nc7 18. bxa5 g6 19. Rb6 Bd7 20. Rab1 Na6
21. c5 dxc5 22. Rxb8+ Rxb8 23. Rxb8+ Nxb8 24. Nhf3 Be6 25. Nxe5 Nfd7 26. Nxd7 Qxd7 27. Bf1 Qd4 28. Qxd4 cxd4 29. a6 Nd7 30. Nc4 Bxc4
31. Bxc4 Nb6 32. a7 Kf8 33. Kf1 Ke7 34. Ke2 f6 35. Kd3 Kd6 36. Kxd4 Kc7 37. Ba6 Na8 38. Kc5 Nb6 39. f4 Nd7+ 40. Kd4 Nb6
41. e5 fxe5+ 42. fxe5 Na8 43. Kc5 Nb6 44. e6 Na8 45. a4 Nb6 46. a5 Na8 47. Bf1 Kb7 48. a6+ Kxa7 49. Kxc6 Kb8 50. e7 Nc7
51. a7+
1-0

[Event "2000-2400 Leisure RR"]
[Site "SchemingMind.com"]
[Date "2013.01.02"]
[Round "-"]
[White "Ezedoke"]
[Black "Ilang"]
[Result "1-0"]
[WhiteCountry "ARG"]
[BlackCountry "HUN"]
[WhiteElo "2215"]
[WhiteRD "72"]
[BlackElo "2368"]
[BlackRD "66"]
[GameID "324312"]

1. e4 c5 2. Nf3 d6 3. d4 cxd4 4. Nxd4 Nf6 5. Nc3 a6 6. Be3 e5 7. Nb3 Be6 8. h3 Be7 9. Qf3 O-O 10. g4 a5
11. O-O-O a4 12. Nc5 a3 13. g5 Ne8 14. Nxe6 fxe6 15. Qg4 axb2+ 16. Kxb2 Qc8 17. a4 Na6 18. h4 Kh8 19. Bb5 Nc5 20. Qe2 Qc7
21. Qc4 Rc8 22. Na2 b6 23. Bxc5 Qxc5 24. Qxc5 bxc5 25. Rh3 Nc7 26. Rd2 d5 27. c4 d4 28. Nc1 Kg8 29. Nd3 Bd6 30. f4 exf4
31. e5 Be7 32. Rf3 g6 33. Rxf4 Rf5 34. Rxf5 gxf5 35. Rg2 Kf7 36. h5 Rd8 37. Kc2 Rg8 38. Rg1 Bxg5 39. a5 h6 40. a6 Ra8
41. Ra1 Be7 42. a7 Rg8 43. Bc6 Rg5 44. Rb1 Rxh5 45. Rb7
1-0

[Event "2000-2400 Leisure RR"]
[Site "SchemingMind.com"]
[Date "2013.01.03"]
[Round "-"]
[White "Ezedoke"]
[Black "Buckaroo Bob"]
[Result "1-0"]
[WhiteCountry "ARG"]
[BlackCountry "USA"]
[WhiteElo "2305"]
[WhiteRD "63"]
[BlackElo "2254"]
[BlackRD "69"]
[GameID "324314"]

1. e4 c5 2. Nf3 d6 3. d4 cxd4 4. Nxd4 Nf6 5. Nc3 a6 6. Be3 Ng4 7. Bg5 h6 8. Bh4 g5 9. Bg3 Bg7 10. h3 Nf6
11. Qf3 Qb6 12. O-O-O Nc6 13. Nxc6 Qxc6 14. Be2 Qc5 15. Rhe1 g4 16. Qd3 Be6 17. Nd5 Bxd5 18. exd5 gxh3 19. gxh3 Rc8 20. c3 Nd7
21. Bh5 Rc7 22. Qf5 Nf6 23. Re6 Kd8 24. Bxf7 Nd7 25. Bh4 Nb6 26. Rd3 Nc4 27. Rg3 Nxb2 28. Qg4 Nd3+ 29. Rxd3 Bxc3 30. Kd1 Bb2
31. Ke2 Rf8 32. Kf1 Rd7 33. Rb3 Bf6 34. Bxf6 exf6 35. Be8 Rc7 36. Bc6 bxc6 37. Re8+ Kxe8 38. Qe6+ Kd8 39. Rb8+
1-0

[Event "2000-2400 Leisure RR"]
[Site "SchemingMind.com"]
[Date "2013.01.07"]
[Round "-"]
[White "Ezedoke"]
[Black "smothered mate"]
[Result "1-0"]
[WhiteCountry "ARG"]
[BlackCountry "POL"]
[WhiteElo "2377"]
[WhiteRD "67"]
[BlackElo "1979"]
[BlackRD "59"]
[GameID "324315"]

1. e4 c5 2. Nf3 d6 3. d4 cxd4 4. Nxd4 Nf6 5. Nc3 g6 6. Be3 Bg7 7. f3 a6 8. Qd2 Nbd7 9. g4 b5 10. O-O-O Bb7
11. h4 h5 12. g5 Nh7 13. f4 Nc5 14. f5 Nxe4 15. Nxe4 Bxe4 16. Bg2 Bxg2 17. Qxg2 O-O 18. fxg6 fxg6 19. Ne6 Qa5 20. Qd5 Kh8
21. Nxg7 Kxg7 22. Bd4+ e5 23. Bxe5+ dxe5 24. Qxe5+ Kg8 25. Rd7 Rf7 26. Rxf7 Kxf7 27. Rf1+ Kg8 28. Qd5+
1-0

[Event "2000-2400 Leisure RR"]
[Site "SchemingMind.com"]
[Date "2013.01.03"]
[Round "-"]
[White "Ezedoke"]
[Black "rookie31"]
[Result "1-0"]
[WhiteCountry "ARG"]
[BlackCountry "IND"]
[WhiteElo "2215"]
[WhiteRD "72"]
[BlackElo "2178"]
[BlackRD "60"]
[GameID "324316"]

1. e4 c6 2. d4 d5 3. e5 Bf5 4. Be2 e6 5. Nf3 Nd7 6. O-O Ne7 7. Nh4 Bg6 8. Nd2 Nf5 9. Nxg6 hxg6 10. Nf3 Nh4
11. Nxh4 Qxh4 12. h3 Be7 13. Be3 g5 14. a4 O-O-O 15. a5 a6 16. c4 dxc4 17. Qc2 f5 18. f3 f4 19. Bf2 Qh7 20. Qxc4
1-0

[Event "2000-2400 Leisure RR"]
[Site "SchemingMind.com"]
[Date "2013.01.02"]
[Round "-"]
[White "Ezedoke"]
[Black "NYNH"]
[Result "1-0"]
[WhiteCountry "ARG"]
[BlackCountry "USA"]
[WhiteElo "2215"]
[WhiteRD "72"]
[BlackElo "2045"]
[BlackRD "63"]
[GameID "324317"]

1. e4 e6 2. d4 d5 3. Nd2 c5 4. Ngf3 Nc6 5. exd5 Qxd5 6. Bc4 Qd8 7. Nb3 cxd4 8. O-O a6 9. Nbxd4 Nxd4 10. Qxd4 Qxd4
11. Nxd4 b5 12. Be2 Bb7 13. c3 Bd6 14. Rd1 Bc7 15. a4 bxa4 16. Rxa4 Nf6 17. Rc4 Nd5 18. Nb3 O-O 19. Nc5 Bc6 20. Nxe6 Bb5
21. Nxf8 Bxc4 22. Bxc4 Nb6 23. Ne6 fxe6 24. Bxe6+ Kf8 25. Be3 Ke7 26. Bf5 g6 27. Bd3 Na4 28. Bg5+ Kf8 29. Re1 Nxb2 30. Be4 Rb8
31. Bd5
1-0

[Event "2000-2400 Leisure RR"]
[Site "SchemingMind.com"]
[Date "2013.01.02"]
[Round "-"]
[White "Ezedoke"]
[Black "kibic"]
[Result "1-0"]
[WhiteCountry "ARG"]
[BlackCountry "INT"]
[WhiteElo "2377"]
[WhiteRD "67"]
[BlackElo "2338"]
[BlackRD "65"]
[GameID "324318"]

1. e4 c5 2. Nf3 d6 3. d4 Nf6 4. Nc3 cxd4 5. Nxd4 a6 6. Be3 e5 7. Nb3 Be7 8. f3 O-O 9. Qd2 Be6 10. O-O-O Nbd7
11. g4 Qc7 12. g5 Nh5 13. Kb1 b5 14. Nd5 Bxd5 15. exd5 Nb6 16. Na5 Nxd5 17. Qxd5 Qxa5 18. Bd3 Rac8 19. c4 Qd8 20. cxb5 axb5
21. h4 b4 22. Rhe1 g6 23. Ba6 Rb8 24. f4 Ra8 25. Bc4 exf4 26. Bf2 Rb8 27. Re4 Qc7 28. Bb3 Bd8 29. Qxd6 Qxd6 30. Rxd6 Rb7
31. Rd3 Re7 32. Rxb4 Re2 33. Ba7 Ba5 34. Rb7 Ng3 35. Bc5 Re1+ 36. Kc2 Re2+ 37. Kc1 Re1+ 38. Rd1 Rc8 39. Rxe1 Rxc5+ 40. Kd1 Bxe1
41. Rxf7 Rb5 42. Bc4 Rb4 43. Rxf4+ Kg7 44. Kxe1 Nf5 45. b3 Rb8 46. Ke2 Kf8 47. Bd3 Kg7 48. Bxf5 gxf5 49. Rxf5 h6 50. gxh6+ Kxh6
51. h5 Rb7 52. Kd3 Rb4 53. Kc3 Rb6 54. b4 Rc6+ 55. Kb3 Rc1 56. Ka3 Re1 57. b5 Rb1 58. Ka4 Rb2 59. a3 Rb1 60. Ka5 Re1
61. b6 Re7 62. Ka6 Re6 63. Ka7
1-0

[Event "2000-2400 Leisure RR"]
[Site "SchemingMind.com"]
[Date "2013.01.03"]
[Round "-"]
[White "Ezedoke"]
[Black "Adrian Grajczak"]
[Result "1-0"]
[WhiteCountry "ARG"]
[BlackCountry "POL"]
[WhiteElo "2390"]
[WhiteRD "71"]
[BlackElo "2110"]
[BlackRD "72"]
[GameID "324319"]

1. e4 c5 2. Nf3 d6 3. d4 cxd4 4. Nxd4 Nf6 5. Nc3 a6 6. Be3 e6 7. f3 Be7 8. Qd2 Nc6 9. O-O-O O-O 10. g4 Nxd4
11. Bxd4 b5 12. g5 Nd7 13. h4 b4 14. Na4 Qa5 15. b3 Nc5 16. Nxc5 dxc5 17. Bb2 Rd8 18. Qf4 Rxd1+ 19. Kxd1 Qxa2 20. Kc1 Qa5
21. Bc4 Bb7 22. Qe5 Bf8 23. g6 Qb6 24. gxf7+ Kxf7 25. Qh5+ Kg8 26. Rg1 Rd8 27. Bxg7 Bxg7 28. Qe5
1-0

[Event "2000-2400 Leisure RR"]
[Site "SchemingMind.com"]
[Date "2013.01.02"]
[Round "-"]
[White "Ilang"]
[Black "Ezedoke"]
[Result "0-1"]
[WhiteCountry "HUN"]
[BlackCountry "ARG"]
[WhiteElo "2362"]
[WhiteRD "68"]
[BlackElo "2305"]
[BlackRD "63"]
[GameID "324320"]

1. d4 d5 2. c4 c6 3. Nf3 Nf6 4. e3 e6 5. Nc3 Nbd7 6. Qc2 Bd6 7. Bd3 O-O 8. O-O dxc4 9. Bxc4 b5 10. Bd3 Bb7
11. Ng5 h6 12. Nge4 Be7 13. a3 c5 14. Nxb5 Nxe4 15. Bxe4 Bxe4 16. Qxe4 Qb6 17. Nc3 Rfd8 18. Rd1 Qb3 19. Qd3 Rab8 20. Rb1 Nb6
21. Qb5 Qxb5 22. Nxb5 Rb7 23. Nc3 cxd4 24. exd4 Nc4 25. a4 Rb3 26. d5 e5 27. Kf1 Bb4 28. Ne4 a5 29. Ke2 f6 30. Nd2 Bxd2
31. Bxd2 Rxd5 32. Bc3 Rc5 33. Rd8+= Kf7 34. Rd7+ Kg6 35. Rd3 Kf5 36. Kd1 Rb8 37. b4 axb4 38. Rf3+ Ke6 39. Rxb4 Rxb4 40. Bxb4 Nb2+
41. Kd2 Rd5+ 42. Ke2 Rd4 43. Bf8 Kf7 44. Bc5 Re4+ 45. Re3 Rxe3+ 46. Kxe3 Nxa4 47. Bd6 Nb6 48. Ke4 Ke6 49. Bf8 f5+ 50. Kd3 Kf6
51. Bb4 Nd5 52. Bd2 g5 53. g3 f4 54. Be1 Kf5 55. h3 Nf6 56. gxf4 e4+ 57. Ke2 gxf4 58. Ba5 f3+ 59. Kf1 h5 60. Bd2 Nd5
61. Kg1 Ke5 62. Bh6 Nf4 63. Bg7+ Kf5 64. h4 Ng2
0-1

[Event "2000-2400 Leisure RR"]
[Site "SchemingMind.com"]
[Date "2013.01.03"]
[Round "-"]
[White "Buckaroo Bob"]
[Black "Ezedoke"]
[Result "1-0"]
[WhiteCountry "USA"]
[BlackCountry "ARG"]
[WhiteElo "2254"]
[WhiteRD "69"]
[BlackElo "2305"]
[BlackRD "63"]
[GameID "324322"]

1. c4 e5 2. Nc3 Nf6 3. Nf3 Nc6 4. a3 d5 5. d4 exd4 6. Nxd4 dxc4 7. Nxc6 Qxd1+ 8. Kxd1 bxc6 9. f3 Bd6 10. e4 Ba6
11. g3 Nd7 12. Kc2 Rb8 13. Be3 Rb3 14. Bh3 Ne5 15. f4 Nd3 16. Ra2 O-O 17. Rb1 Bc5 18. Bxc5 Rfb8 19. Bxa7 Rd8 20. Bf1 Rb7
21. Be3 Rdb8 22. e5 Rb3 23. Bg2 c5 24. Bd5 h6 25. e6 fxe6 26. Bxe6+ Kh7 27. f5 Re8 28. Rf1 Rd8 29. f6 Rb6 30. Bf5+ Kh8
31. Ne4 c3 32. b3 g6 33. Bh3 Ne5 34. Rd1 Bd3+ 35. Kxc3 Rxb3+ 36. Kxb3 Bc4+ 37. Kc2 Rxd1 38. Kxd1 Bxa2 39. Bxh6 Kg8 40. Nxc5
1-0